header

Genuine intellectuals (Record no. 48717)

MARC details
000 -LEADER
fixed length control field 01206nam a2200289Ia 4500
100 1# - MAIN ENTRY--AUTHOR NAME
Personal name Fonlon, Bernard Nsokika,
245 10 - TITLE STATEMENT
Title Genuine intellectuals
260 ## - PUBLICATION, DISTRIBUTION, ETC. (IMPRINT)
Place of publication Mankon, Bamenda, Cameroon :
Name of publisher Langaa RPCIG,
Year of publication 2009.
300 ## - PHYSICAL DESCRIPTION
Number of Pages xxv, 143 p.
650 #0 - SUBJECT ADDED ENTRY--TOPICAL TERM
Topical Term Universities and colleges
Topical Term Education, Higher.
856 40 - ELECTRONIC LOCATION AND ACCESS
Uniform Resource Identifier http://site.ebrary.com/lib/rucke/Doc?id=10344578

No items available.

© 2026 Rongo University
Contact us: librarian | system librarian | Rongo university